000 00335nam a22001337a 4500
008 250617b |||||||| |||| 00| 0 eng d
020 _a0130887668
050 _aHD75.6
_b.C66
100 _aGODSTEIN, Eban S.
245 _aEconomics and The Enviroment
260 _aNew Jersey
_bPrentice Hall
_c1995
300 _axvi, 575p.
942 _cBK
999 _c3887
_d3887